Ukazovateľ konkurencieschopnosti

Analýza konkurencieschopnosti divízií SK NACE. Postup merania konkurencieschopnosti a jeho vypovedacia schopnosť. Ukážka výpočtu koeficienta konkurencieschopnosti na báze údajov za rok 2010.

Salvato in:
Dettagli Bibliografici
Autore principale: Chajdiak, Jozef
Natura: Capitolo di libro
Lingua:slovacco
Soggetti:
Tags: Aggiungi Tag
Nessun Tag, puoi essere il primo ad aggiungerne!!

MARC

LEADER 00000naa a2200000 4500
001 0201001
005 20220715094005.4
041 0 |a slo 
044 |a SK 
245 1 0 |a Ukazovateľ konkurencieschopnosti  |c Jozef Chajdiak 
520 |a Analýza konkurencieschopnosti divízií SK NACE. Postup merania konkurencieschopnosti a jeho vypovedacia schopnosť. Ukážka výpočtu koeficienta konkurencieschopnosti na báze údajov za rok 2010. 
610 2 0 |a konkurencieschopnosť 
610 2 0 |a analýza regresná 
610 2 0 |a modely regresné 
610 2 0 |a metóda štvorcov najmenších 
100 1 |a Chajdiak, Jozef